[Event "Open A Estate Alfieri"]
[Site "Torino ITA"]
[Date "2011.06.21"]
[Round "7"]
[White "Femia, Nicola"]
[Black "Boetto, Massimo"]
[Result "0-1"]
[WhiteElo "1823"]
[BlackElo "2009"]
[PlyCount "124"]
[EventDate "2011.05.03"]

1. Nf3 c5 2. g3 d5 3. Bg2 Nf6 4. d3 Nc6 5. c3 e5 6. Bg5 Be7 7. Bxf6 Bxf6 8.
Nbd2 Be6 9. e4 d4 10. c4 O-O 11. O-O Qd7 12. Nb3 Be7 13. Qd2 h6 14. Na5 Nxa5
15. Qxa5 Bd6 16. Qd2 f5 17. Nh4 f4 18. Nf3 Bg4 19. a3 Rf6 20. gxf4 Rxf4 21. Ne1
Bh3 22. Bxh3 Qxh3 23. f3 Raf8 24. Qg2 Qe6 25. Kh1 Be7 26. Rg1 Qf7 27. Qh3 Bh4
28. Ng2 Bf2 29. Nxf4 Bxg1 30. Ne2 Be3 31. Rf1 a6 32. a4 Qc7 33. b3 Qf7 34. Ng3
b5 35. axb5 axb5 36. Nf5 bxc4 37. bxc4 Rd8 38. Re1 Bg5 39. Rg1 Qf6 40. Qg4 g6
41. Nxh6+ Bxh6 42. Qxg6+ Qxg6 43. Rxg6+ Kh7 44. Re6 Bf4 45. Rc6 Rb8 46. h4 Rb3
47. Rxc5 Rxd3 48. Kg2 Rc3 49. Rc7+ Kh6 50. Rd7 d3 51. c5 d2 52. Rd6+ Kh5 53. c6
Rxc6 54. Rd7 Rc1 55. Rh7+ Kg6 56. Rd7 d1=Q 57. h5+ Kxh5 58. Rxd1 Rxd1 59. Kh3
Rd3 60. Kg2 Kh4 61. Kf2 Rd2+ 62. Ke1 Kg3 0-1